000 00436nam a2200169 4500
003 SEACOMMC
005 20240911140303.0
008 240911b |||||||| |||| 00| 0 eng d
020 _a9788174466792
_cRs.195.00
040 _aSEACOMMC
082 _a519.5
_b B469
100 _aBhardwaj, R S
245 1 _aBusiness statistics
_cR S Bhardwaj
260 _a New Delhi
_bExcel Books
_c1999
650 _aCommercial statistics
942 _cBOOK
999 _c544
_d544